| 000 | 00490nam a2200193 4500 | ||
|---|---|---|---|
| 999 |
_c12775 _d12775 |
||
| 008 | 210604b ||||| |||| 00| 0 hin d | ||
| 020 | _cRs.80.00 | ||
| 041 | 0 | _ahin | |
| 082 | 0 | 0 |
_a891.43 _bP911 |
| 100 |
_95002 _aPrasad, J. |
||
| 245 | 1 | 0 |
_aTitli / _cby J Prasad |
| 245 | 1 | 0 |
_aटिटली / _cजे प्रसाद |
| 250 | _a1st ed. | ||
| 260 |
_aDelhi: _bSanmarg prakashan, _c1991. |
||
| 300 | _a144 p. | ||
| 365 | _bINR 80.00 | ||
| 650 | 0 | _aHindi fiction | |
| 942 |
_2ddc _cBK |
||